000 00623nam a2200205Ia 4500
005 20250508162154.0
008 008 250505s9999 xx 000 0 eng d
037 _aTextual
040 _aFEDL
_beng
_cFEDL
041 _aeng
_2eng
084 _a371.26, HOR
_qFEDL
100 _aHorrocks John E
245 0 _aAssessment of behavior
260 _aColumbus, USA
_bCharles E. Merrill Publishing Company
_c1964
300 _axv,736p.
490 _aMerrill's International Psychology Series
650 _aEducational -Tests Measurements
_9765239
942 _cTEXL
_h371.26, HOR
999 _c1374807
_d1374807